000 00648nam a2200217Ia 4500
003 OSt
005 20220925230646.0
006 a|||||r|||| 00| 0
007 ta
008 220923b |||||||| |||| 00| 0 eng d
037 _cGeneral Book
040 _aRTL
_cRTL
_beng
041 _2eng
_aeng
082 _aX9(J9d).613.N9, N6
100 _aSoones Lan
_9294100
245 0 _aHazards and oppotunities forming livelihoods in dryland Aferica
_bLesson from Zimbabawe
260 _aLondon
_bZed books
_c1996
300 _a265p
_ccm.
942 _hX9(J9d).613.N9, N6
_cGB
_2CC
999 _c586297
_d586297